Melur
| Main Author: | |
|---|---|
| Format: | Book |
| Published: |
Kuala Lumpur :
Dewan Bahasa Dan Pustaka ,
2000
|
| Subjects: |
MARC
| LEADER | 00000cam a2200000 7i4500 | ||
|---|---|---|---|
| 001 | 0000047406 | ||
| 005 | 20010801.0 | ||
| 020 | |a 9836269096 | ||
| 090 | 0 | 0 | |a 583.87 |b NOR |
| 100 | 0 | |a Norain Mohd Rejab | |
| 245 | 0 | 0 | |a Melur |c Norain Mohd. Rejab |
| 260 | |a Kuala Lumpur : |b Dewan Bahasa Dan Pustaka , |c 2000 | ||
| 300 | |a 105p. : |b ill ; |c 24cm. | ||
| 650 | 0 | 0 | |a Jasmine |
| 999 | |a 00107696 |b BUKU |c PINJAMAN |e PERPUSTAKAAN KOMUNITI PETALING JAYA | ||
| 999 | |a 00107698 |b BUKU |c PINJAMAN |e PERPUSTAKAAN KOMUNITI PETALING JAYA | ||